| 000 | 00900cab a2200217 4500 | ||
|---|---|---|---|
| 001 | ABS41863 | ||
| 008 | 090401t1989 xxu||||| |||| 00| 0 eng d | ||
| 035 | _a(Sirsi) u33062 | ||
| 041 | _aeng | ||
| 100 | _aPlumbe, P.G. | ||
| 245 | _aImprovements, fixtures and disregards | ||
| 260 | _c1989 | ||
| 350 | _a0 | ||
| 490 |
_aRent Review & Lease Renewal _v10(1) Autumn 1989, 11-16(6) |
||
| 520 | _aConsiders the factors to be established if changes made by a tenant are to be disregarded when assessing the rent on a lease renewal or a rent review : do the works amount to ` improvements `?; can they be disregarded ?; what is the effect of the Landlord and Tenant Act 1927 ? and if they are to be disregarded, how is the effect on value measured?. | ||
| 650 |
_aValuation _96273 |
||
| 690 | _aLANDLORD AND TENANT-BUSINESS TENANCIES | ||
| 700 | _aHurst, D. | ||
| 942 | _n0 | ||
| 948 | _c04/03/1997 | ||
| 999 |
_c22099 _d22099 |
||